| 000 | 00763nam a2200205Ia 4500 | ||
|---|---|---|---|
| 003 | GCL | ||
| 008 | 140319s9999 xx 000 0 ara d | ||
| 040 |
_aGCL / _cGCL |
||
| 082 | 0 | 4 |
_a861.9 _bج ق |
| 100 | 1 | _aحامد أبو أحمد | |
| 245 | 1 | 0 |
_aقراءت فى أدب إسبانيا وأمريكا اللاتينية / _cحامد أبو أحمد |
| 260 |
_a[S.N] : _bالهيئة المصرية العامة للكتاب ، _c1993 |
||
| 300 | _a239 ص | ||
| 490 |
_aدراسات ادبية _v0 |
||
| 650 | 0 | 4 | _aالادب المقارن العربى والاسبانى |
| 650 | 0 | 4 | _aتاريخ ونقد |
| 650 | 0 | 4 | _aالادب الاسبانى المترجم |
| 650 | 0 | 4 | _aالادب المقارن الاسبانى و العربى |
| 942 |
_2ddc _cBK |
||
| 999 |
_c30150 _d30150 |
||